[Event "ISL-chT2 2122"]
[Site "Reykjavik"]
[Date "2022.03.05"]
[Round "6.1"]
[White "Hardarson, Petur Palmi"]
[Black "Einarsson, Arnthor"]
[Result "0-1"]
[WhiteElo "2093"]
[BlackElo "2174"]
[PlyCount "61"]
[EventDate "2021.10.01"]
[EventType "team-tourn"]
[EventRounds "7"]
[EventCountry "ISL"]
[SourceTitle "EXT 2024"]
[Source "ChessBase"]
[SourceDate "2023.10.10"]
[SourceVersion "1"]
[SourceVersionDate "2023.10.10"]
[SourceQuality "1"]
[WhiteTeam "Reykjavik TR II"]
[BlackTeam "Reykjavik KR"]
[WhiteTeamCountry "ISL"]
[BlackTeamCountry "ISL"]

1. d4 f5 2. Nf3 Nf6 3. c4 d6 4. g3 g6 5. Bg2 Bg7 6. 0-0 0-0 7. Nc3 c6 8. d5 e5 9. dxe6 Bxe6 10. b3 Na6 11. Ng5 Qe7 12. Nxe6 Qxe6 13. Bb2 Rad8 14. Qc2 Nc5 15. Rad1 Rfe8 16. e3 Nce4 17. Nxe4 fxe4 18. Rd2 Nh5 19. Rfd1 Bxb2 20. Qxb2 a6 21. Rd4 Nf6 22. Qd2 d5 23. Rc1 Rc8 24. Qb2 Qe5 25. Rd2 Qxb2 26. Rxb2 Rcd8 27. cxd5 Rxd5 28. Kf1 Kf7 29. Ke1 Red8 30. Rbb1 Ke6 31. Rd1 0-1

[Event "ISL-chT2 2122"]
[Site "Reykjavik"]
[Date "2022.03.05"]
[Round "5.1"]
[White "Thorsteinsson, Thorsteinn"]
[Black "Hardarson, Petur Palmi"]
[Result "1/2-1/2"]
[WhiteElo "2259"]
[BlackElo "2093"]
[PlyCount "45"]
[EventDate "2021.10.01"]
[EventType "team-tourn"]
[EventRounds "7"]
[EventCountry "ISL"]
[SourceTitle "EXT 2024"]
[Source "ChessBase"]
[SourceDate "2023.10.10"]
[SourceVersion "1"]
[SourceVersionDate "2023.10.10"]
[SourceQuality "1"]
[WhiteTeam "Vestmannaeyja"]
[BlackTeam "Reykjavik TR II"]
[WhiteTeamCountry "ISL"]
[BlackTeamCountry "ISL"]

1. c4 Nf6 2. g3 g6 3. Bg2 Bg7 4. Nc3 0-0 5. e4 d6 6. Nge2 e5 7. 0-0 c5 8. h3 Nc6 9. d3 Nh5 10. g4 Nf6 11. Nd5 Nxd5 12. cxd5 Nd4 13. Nxd4 cxd4 14. f4 exf4 15. Bxf4 Qe7 16. Qd2 Be5 17. Rac1 b6 18. Bxe5 Qxe5 19. Qf4 Ba6 20. Rc6 Rad8 21. Qd2 Rc8 22. Rcc1 Rxc1 23. Rxc1 1/2-1/2

[Event "Reykjavik Haustmot-B"]
[Site "Reykjavik"]
[Date "2020.10.02"]
[Round "9"]
[White "Hardarson, Petur Palmi"]
[Black "Briem, Benedikt"]
[Result "1-0"]
[WhiteElo "2061"]
[BlackElo "1951"]
[PlyCount "55"]
[EventDate "2020.09.13"]
[EventType "tourn"]
[EventRounds "9"]
[EventCountry "ISL"]
[SourceTitle "CBM 198 Extra"]
[Source "ChessBase"]
[SourceDate "2020.11.30"]
[SourceVersion "1"]
[SourceVersionDate "2020.11.30"]
[SourceQuality "1"]

1. d4 e6 2. c4 f5 3. Nf3 Nf6 4. g3 d6 5. Bg2 Be7 6. 0-0 0-0 7. b3 a5 8. Bb2 Qe8 9. Re1 Ne4 10. Nfd2 Nxd2 11. Nxd2 Nd7 12. e4 f4 13. Nf3 g5 14. e5 g4 15. Nd2 f3 16. Bf1 dxe5 17. dxe5 Rf5 18. h3 h5 19. Bd3 Rf8 20. Qc2 Kg7 21. Ne4 b6 22. Qc1 Rh8 23. Nf6 Qf7 24. Qg5+ Kf8 25. Be4 Rb8 26. Rad1 Nxf6 27. exf6 Bb4 28. Rd8+ 1-0

[Event "Reykjavik Congress"]
[Site "Reykjavik"]
[Date "2020.01.26"]
[Round "7"]
[White "Hardarson, Petur Palmi"]
[Black "Kjartansson, Gudmundur"]
[Result "1/2-1/2"]
[WhiteElo "2027"]
[BlackElo "2453"]
[PlyCount "165"]
[EventDate "2020.01.05"]
[EventType "swiss"]
[EventRounds "9"]
[EventCountry "ISL"]
[SourceTitle "CBM 194 Extra"]
[Source "ChessBase"]
[SourceDate "2020.03.31"]
[SourceVersion "1"]
[SourceVersionDate "2020.03.31"]
[SourceQuality "1"]

1. d4 Nf6 2. Nf3 b6 3. g3 Bb7 4. Bg2 g6 5. 0-0 Bg7 6. c4 0-0 7. Nc3 Ne4 8. Nxe4 Bxe4 9. Be3 d6 10. Qd2 Nd7 11. Bh6 c5 12. Bxg7 Kxg7 13. b3 Qc7 14. d5 Nf6 15. Bh3 Bxf3 16. exf3 b5 17. Rfe1 bxc4 18. bxc4 Rab8 19. Rab1 Rxb1 20. Rxb1 Rb8 21. Rb3 Rxb3 22. axb3 Qb6 23. Qe3 Ng8 24. Bd7 Qb7 25. Bh3 Qa6 26. Qc3+ Nf6 27. Bd7 Qa2 28. Ba4 Qb1+ 29. Kg2 Qf5 30. Qa5 g5 31. g4 Qe5 32. Qxa7 h5 33. h3 hxg4 34. hxg4 Nh7 35. Bd7 Nf6 36. Bf5 Ng8 37. Qa2 Nh6 38. Bb1 Ng8 39. Qc2 Nf6 40. Qf5 Qf4 41. Kh3 Qc1 42. Kg2 Qf4 43. Kh3 Qc1 44. Kg2 Kh6 45. Bc2 Qd2 46. Qd3 Qxd3 47. Bxd3 e5 48. dxe6 fxe6 49. Kg3 e5 50. Bf5 d5 51. cxd5 Nxd5 52. Kg2 Kg7 53. Kf1 Nc3 54. Bd3 Kf6 55. Ke1 Nd5 56. Kd2 Ke7 57. Bc4 Nf6 58. Ke3 Kd6 59. Kd3 e4+ 60. fxe4 Nxg4 61. Ke2 Ke5 62. f3 Nf6 63. Ke3 Ne8 64. Bf1 Nd6 65. Bc4 Nb7 66. Bb5 Na5 67. Bc4 Nc6 68. Bg8 Nb4 69. Bc4 Nc2+ 70. Kd2 Nd4 71. Ke3 Nc6 72. Bg8 Ne7 73. Bc4 Ng6 74. Be2 Nf4 75. Bf1 Ne6 76. Bc4 Nd4 77. Bg8 Nb5 78. Bc4 Nd6 79. Bg8 Ne8 80. Bf7 Nd6 81. Bc4 Ne8 82. Bf7 Nd6 83. Bc4 1/2-1/2

[Event "Selfoss op"]
[Site "Selfoss"]
[Date "2019.11.25"]
[Round "4"]
[White "Hardarson, Petur Palmi"]
[Black "Kjartansson, David"]
[Result "1-0"]
[WhiteElo "1993"]
[BlackElo "2385"]
[PlyCount "135"]
[EventDate "2019.11.21"]
[EventType "swiss"]
[EventRounds "7"]
[EventCountry "ISL"]
[SourceTitle "CBM 193 Extra"]
[Source "ChessBase"]
[SourceDate "2020.01.31"]
[SourceVersion "1"]
[SourceVersionDate "2020.01.31"]
[SourceQuality "1"]

1. d4 Nf6 2. c4 e6 3. Nf3 Bb4+ 4. Nbd2 0-0 5. a3 Be7 6. g3 d5 7. Bg2 Nbd7 8. 0-0 b6 9. cxd5 exd5 10. Nb1 Bb7 11. Nc3 Ne4 12. Bf4 Nxc3 13. bxc3 b5 14. a4 bxa4 15. Qxa4 Nb6 16. Qa5 g5 17. Bc1 Nc4 18. Qb5 Nd6 19. Qa5 f6 20. Nd2 c6 21. Qa2 Nb5 22. Bb2 Kg7 23. c4 dxc4 24. Qxc4 Qd7 25. Rfc1 Rac8 26. Ne4 h6 27. Nc5 Bxc5 28. Qxc5 Rfd8 29. Be4 Rc7 30. Bd3 a6 31. e3 Qd5 32. Qxd5 Rxd5 33. Be4 Rd8 34. Ba3 Ra8 35. Bb4 Kf7 36. Rc5 Re8 37. Bf3 Kg6 38. Rac1 h5 39. Bxc6 Bxc6 40. Rxc6 Ra7 41. Ba5 g4 42. Rb6 Kf5 43. Rc5+ Kg6 44. Rcc6 Rf8 45. Rxa6 Rxa6 46. Rxa6 Rc8 47. Kg2 Rc2 48. Bd8 Kf5 49. Rxf6+ Ke4 50. Rh6 Rc8 51. Bg5 Nc3 52. Rxh5 Ne2 53. h3 Rc1 54. hxg4 Rg1+ 55. Kh2 Kf3 56. Bh6 Rg2+ 57. Kh3 Kxf2 58. Rf5+ Kg1 59. Kh4 Nxg3 60. Ra5 Ne2 61. Ra1+ Kf2 62. d5 Kf3 63. Rf1+ Ke4 64. d6 Nc3 65. d7 Rd2 66. Rf4+ Ke5 67. Rd4 Ne4 68. Rxd2 1-0

[Event "Akureyri Icelandic op"]
[Site "Akureyri"]
[Date "2019.05.27"]
[Round "4"]
[White "Ragnarsson, Johann Hjortur"]
[Black "Hardarson, Petur Palmi"]
[Result "0-1"]
[WhiteElo "1968"]
[BlackElo "1847"]
[PlyCount "80"]
[EventDate "2019.05.25"]
[EventType "swiss"]
[EventRounds "9"]
[EventCountry "ISL"]
[SourceTitle "CBM 190 Extra"]
[Source "ChessBase"]
[SourceDate "2019.07.15"]
[SourceVersion "1"]
[SourceVersionDate "2019.07.15"]
[SourceQuality "1"]

1. d4 Nf6 2. c4 g6 3. Nc3 Bg7 4. e4 d6 5. f3 0-0 6. Bg5 Nc6 7. Nge2 a6 8. d5 Na5 9. Ng3 c5 10. Be2 Bd7 11. Rb1 h6 12. Be3 e6 13. Qd2 exd5 14. exd5 Re8 15. 0-0 Rxe3 16. Qxe3 Nxd5 17. Qd2 Ne3 18. Rfe1 Naxc4 19. Bxc4 Nxc4 20. Qd5 Bd4+ 21. Kh1 Nxb2 22. Nce4 Be6 23. Qxb7 Nd3 24. Red1 c4 25. Ne2 Ba7 26. h3 d5 27. Nf6+ Kg7 28. Ng4 Bxg4 29. fxg4 Nf2+ 30. Kh2 Nxd1 31. Rxd1 d4 32. Rf1 Qb8+ 33. Qxb8 Rxb8 34. Rd1 d3 35. Nc3 Rb2 36. Kg3 Rc2 37. Ne4 Rxa2 38. Rc1 Rc2 39. Rd1 a5 40. Nd6 Bb8 0-1